[Event "First Saturday 2010 oktober IM-B"]
[Site "Budapest"]
[Date "2010.10.02"]
[Round "1"]
[White "Istvanovszky, Martin"]
[Black "Petran, Pal"]
[Result "1/2-1/2"]
[WhiteElo "2282"]
[BlackElo "2348"]
[PlyCount "82"]
[EventDate "2010.10.02"]

1. e4 e5 2. Nf3 Nc6 3. d4 exd4 4. Bc4 Nf6 5. e5 d5 6. Bb5 Ne4 7. Nxd4 Bc5 8.
Be3 Bxd4 9. Bxd4 O-O 10. Bxc6 bxc6 11. Nd2 Bf5 12. Nxe4 Bxe4 13. f3 Bg6 14. Qd2
c5 15. Bxc5 Re8 16. f4 f6 17. Bd4 c5 18. Bxc5 fxe5 19. O-O Rc8 20. b4 Qd7 21.
c4 d4 22. fxe5 a5 23. a3 Rxe5 24. Qxd4 Qxd4+ 25. Bxd4 Re4 26. Bb6 axb4 27. axb4
Rexc4 28. Bc5 h5 29. Rad1 Re8 30. Rd7 Ree4 31. h3 Be8 32. Rd8 Kh7 33. Rf8 Rc1+
34. Kh2 Rce1 35. Rd4 R4e2 36. Rdf4 Rc1 37. Rf1 Rcc2 38. R1f2 Bc6 39. R8f5 Kg6
40. Rxe2 Rxe2 41. Rf2 Rxf2 1/2-1/2

[Event "First Saturday 2010 oktober IM-B"]
[Site "Budapest"]
[Date "2010.10.02"]
[Round "1"]
[White "Szamoskozi, Gabor"]
[Black "Getz, Nicolai"]
[Result "1/2-1/2"]
[WhiteElo "2335"]
[BlackElo "2276"]
[PlyCount "84"]
[EventDate "2010.10.02"]

1. e4 c5 2. Nf3 Nc6 3. d4 cxd4 4. Nxd4 g6 5. Nc3 Bg7 6. Be3 Nf6 7. Bc4 O-O 8.
Bb3 a5 9. a4 Ng4 10. Qxg4 Nxd4 11. Qh4 Nxb3 12. cxb3 Ra6 13. O-O d6 14. Nd5 Re8
15. Rac1 Rc6 16. Bg5 f6 17. Bh6 Be6 18. Bxg7 Kxg7 19. Rc3 Qd7 20. Rfc1 Bf7 21.
h3 Rb8 22. Qf4 Rxc3 23. Rxc3 Bxd5 24. exd5 b5 25. Qc1 bxa4 26. Rc7 Qd8 27. bxa4
Rxb2 28. Qc6 Rb8 29. Rd7 Qe8 30. Qxd6 Rb1+ 31. Kh2 Kf8 32. Qc7 Rc1 33. Qa7 Rd1
34. g3 Rd2 35. Kg2 Rd1 36. h4 g5 37. Qc7 Rc1 38. Qb7 Rb1 39. Qc7 Rc1 40. Qb7
Rb1 41. Qc6 Rc1 42. Qb7 Rb1 1/2-1/2

[Event "First Saturday 2010 oktober IM-B"]
[Site "Budapest"]
[Date "2010.10.02"]
[Round "1"]
[White "Koczo, Kristof"]
[Black "Oparin, Grigory"]
[Result "1/2-1/2"]
[WhiteElo "2189"]
[BlackElo "2305"]
[PlyCount "116"]
[EventDate "2010.10.02"]

1. d4 d5 2. Nf3 Nf6 3. c4 e6 4. Nc3 Be7 5. Bg5 h6 6. Bh4 O-O 7. e3 b6 8. cxd5
Nxd5 9. Bxe7 Qxe7 10. Nxd5 exd5 11. Rc1 Be6 12. Qa4 c5 13. Qa3 Rc8 14. Be2 Kf8
15. dxc5 bxc5 16. O-O c4 17. Qxe7+ Kxe7 18. Nd4 Nc6 19. Rfd1 Rab8 20. Nxc6+
Rxc6 21. b3 Rbb6 22. h3 a5 23. Bf3 Rc5 24. Rc3 a4 25. bxa4 Rb4 26. e4 dxe4 27.
Bxe4 Rxa4 28. a3 Ra6 29. f4 Rd6 30. Rxd6 Kxd6 31. Kf2 Rb5 32. Ke3 Kc5 33. f5
Bd5 34. Bxd5 Kxd5 35. a4 Rb2 36. Ra3 Rxg2 37. Kf4 Rf2+ 38. Kg4 Rb2 39. a5 Rb7
40. a6 Ra7 41. Kf3 Kc5 42. Ke3 Kb5 43. Kd4 Rxa6 44. Rxa6 Kxa6 45. Kxc4 Kb6 46.
Kd5 Kc7 47. h4 h5 48. Kc5 Kd7 49. Kd5 Ke7 50. Ke5 f6+ 51. Kd5 Kf7 52. Kd6 g5
53. fxg6+ Kxg6 54. Kd5 Kh6 55. Kd6 f5 56. Kd5 Kg7 57. Kd4 Kf6 58. Kd5 Kg6
1/2-1/2

[Event "First Saturday 2010 oktober IM-B"]
[Site "Budapest"]
[Date "2010.10.02"]
[Round "1"]
[White "Tran, Tuan Minh"]
[Black "Turzo, Attila"]
[Result "1/2-1/2"]
[WhiteElo "2227"]
[BlackElo "2331"]
[PlyCount "133"]
[EventDate "2010.10.02"]

1. d4 d5 2. Nf3 c6 3. c4 Nf6 4. Qc2 g6 5. e3 Bf5 6. Bd3 Bxd3 7. Qxd3 Bg7 8. Nc3
O-O 9. O-O Nbd7 10. Rd1 Qc7 11. e4 dxe4 12. Nxe4 Nxe4 13. Qxe4 e5 14. Qh4 exd4
15. Nxd4 Rfe8 16. Bh6 Bxh6 17. Qxh6 Re4 18. b3 Rae8 19. Nf3 Nf8 20. Rd3 Re2 21.
h4 Qb6 22. Rf1 Rxa2 23. h5 Rae2 24. Nh2 R2e4 25. hxg6 fxg6 26. Qh3 Qc7 27. Ng4
Qf4 28. Nh6+ Kg7 29. Rf3 Qh4 30. Qxh4 Rxh4 31. Nf7 Rd4 32. c5 Rd7 33. Nd6 Ree7
34. b4 a6 35. Rg3 Kh8 36. f4 Re2 37. f5 gxf5 38. Rxf5 Ng6 39. Rh5 Kg8 40. Rg4
Rde7 41. Kh2 Rf2 42. Rf5 Rxf5 43. Nxf5 Rd7 44. Re4 Kf8 45. Kg3 Ne7 46. Kg4 h5+
47. Kf4 Nxf5 48. Kxf5 Rf7+ 49. Ke6 Re7+ 50. Kf5 Rxe4 51. Kxe4 Ke7 52. Kf5 b6
53. cxb6 Kd7 54. g4 hxg4 55. Kxg4 c5 56. bxc5 a5 57. Kf5 a4 58. b7 Kc7 59. Ke6
a3 60. b8=Q+ Kxb8 61. Kd7 a2 62. c6 a1=Q 63. c7+ Ka7 64. c8=Q Qg7+ 65. Kc6 Qc3+
66. Kd7 Qxc8+ 67. Kxc8 1/2-1/2

[Event "First Saturday 2010 oktober IM-B"]
[Site "Budapest"]
[Date "2010.10.02"]
[Round "1"]
[White "Ocantos, Manuel"]
[Black "Lengyel, Bela"]
[Result "1-0"]
[WhiteElo "2176"]
[BlackElo "2261"]
[PlyCount "123"]
[EventDate "2010.10.02"]

1. e4 e5 2. Nf3 Nc6 3. d4 exd4 4. Nxd4 Bc5 5. Be3 Qf6 6. c3 Nge7 7. Bc4 Ne5 8.
Be2 d6 9. O-O Qg6 10. f3 O-O 11. Nd2 f5 12. f4 N5c6 13. exf5 Nxf5 14. Nxf5 Bxf5
15. Bxc5 dxc5 16. Qb3+ Kh8 17. Bf3 Na5 18. Qb5 Bd3 19. Qxa5 Bxf1 20. Rxf1 Qd3
21. Rf2 b6 22. Qa4 Rae8 23. g3 Re1+ 24. Kg2 h6 25. Qc6 Qd8 26. Nc4 Rf6 27. Qb7
g5 28. Rd2 Qg8 29. Qxc7 gxf4 30. Rd8 Re8 31. Rxe8 Qxe8 32. Nd6 Qf8 33. Ne4 Rf7
34. Qe5+ Qg7 35. Nd6 Rf8 36. Qxg7+ Kxg7 37. gxf4 Rxf4 38. Nb5 Rf7 39. Kf2 Kf6
40. Ke3 Kg5 41. Nd6 Rd7 42. Ne4+ Kh4 43. Bg4 Rf7 44. Be6 Rf1 45. a4 Rh1 46. h3
Ra1 47. b3 c4 48. bxc4 Rxa4 49. Kf4 Ra1 50. Nd2 Kh5 51. Bf5 a5 52. Nf3 a4 53.
c5 bxc5 54. Ke5 Rf1 55. Be4 a3 56. Kf6 Rxf3+ 57. Bxf3+ Kh4 58. Bd5 Kxh3 59. Ke5
Kg3 60. Kd6 Kf4 61. Kxc5 Ke5 62. Bc4 1-0

[Event "First Saturday 2010 oktober IM-B"]
[Site "Budapest"]
[Date "2010.10.03"]
[Round "2"]
[White "Petran, Pal"]
[Black "Lengyel, Bela"]
[Result "1/2-1/2"]
[WhiteElo "2348"]
[BlackElo "2261"]
[PlyCount "31"]
[EventDate "2010.10.02"]

1. d4 d5 2. c4 e6 3. Nc3 Nf6 4. Bg5 Nbd7 5. Rc1 Be7 6. e3 O-O 7. Nf3 h6 8. Bh4
c6 9. Bd3 dxc4 10. Bxc4 b5 11. Bd3 a6 12. a4 bxa4 13. Nxa4 Qa5+ 14. Nd2 Bb4 15.
Nc3 c5 16. O-O 1/2-1/2

[Event "First Saturday 2010 oktober IM-B"]
[Site "Budapest"]
[Date "2010.10.03"]
[Round "2"]
[White "Turzo, Attila"]
[Black "Ocantos, Manuel"]
[Result "1-0"]
[WhiteElo "2331"]
[BlackElo "2176"]
[PlyCount "55"]
[EventDate "2010.10.02"]

1. e4 c5 2. Nc3 Nc6 3. f4 g6 4. Nf3 Bg7 5. Bb5 Nd4 6. O-O Nxb5 7. Nxb5 d5 8.
exd5 a6 9. Nc3 Nf6 10. d4 Nxd5 11. dxc5 Nxc3 12. Qxd8+ Kxd8 13. bxc3 Bxc3 14.
Rb1 Kc7 15. Rb3 Bf6 16. Bd2 Be6 17. Ba5+ Kc6 18. Rb6+ Kxc5 19. Nd2 Bxa2 20. Rd1
Bd5 21. c4 Bd4+ 22. Kh1 Bc3 23. Nb3+ Kxc4 24. Rc1 Kd3 25. Nc5+ Ke3 26. Bxc3 f6
27. Rb4 b6 28. Re1+ 1-0

[Event "First Saturday 2010 oktober IM-B"]
[Site "Budapest"]
[Date "2010.10.03"]
[Round "2"]
[White "Oparin, Grigory"]
[Black "Tran, Tuan Minh"]
[Result "1-0"]
[WhiteElo "2305"]
[BlackElo "2227"]
[PlyCount "91"]
[EventDate "2010.10.02"]

1. e4 e6 2. d4 d5 3. Nc3 Bb4 4. e5 c5 5. a3 Bxc3+ 6. bxc3 Qa5 7. Bd2 Qa4 8. Nf3
Ne7 9. Rb1 c4 10. Qc1 Na6 11. h4 Nc7 12. h5 h6 13. g4 Bd7 14. Bh3 Nb5 15. O-O
Qxa3 16. Qe1 Nc8 17. Nh4 Nb6 18. f4 O-O-O 19. f5 Qa2 20. fxe6 fxe6 21. Ng6 Rhe8
22. Qc1 Qa5 23. Ra1 Na4 24. Qe1 Kb8 25. Rf7 Rg8 26. g5 Nbxc3 27. Rf3 b5 28.
Bxc3 Qb6 29. Kg2 Nxc3 30. Qxc3 b4 31. Qe3 hxg5 32. Rf7 a5 33. Kg3 a4 34. Ne7
Rgf8 35. Nxd5 Qb5 36. Rxf8 Rxf8 37. Ne7 b3 38. cxb3 cxb3 39. Bg2 b2 40. Rb1 Qb4
41. Qe4 a3 42. Nc6+ Bxc6 43. Qxc6 Qb3+ 44. Kh2 Rc8 45. Qa8+ Kc7 46. Qa7+ 1-0

[Event "First Saturday 2010 oktober IM-B"]
[Site "Budapest"]
[Date "2010.10.03"]
[Round "2"]
[White "Getz, Nicolai"]
[Black "Koczo, Kristof"]
[Result "1/2-1/2"]
[WhiteElo "2276"]
[BlackElo "2189"]
[PlyCount "144"]
[EventDate "2010.10.02"]

1. e4 c6 2. d4 d5 3. e5 e6 4. Nf3 b6 5. Bd3 Ba6 6. O-O Bxd3 7. Qxd3 Ne7 8. c4
dxc4 9. Qxc4 Nd5 10. Nbd2 Be7 11. Ne4 h6 12. Bd2 a5 13. a3 b5 14. Qc2 a4 15.
Ne1 Qb6 16. Bc3 Nd7 17. Nd3 O-O 18. Qe2 c5 19. dxc5 Nxc3 20. Nf6+ Nxf6 21. bxc3
Qc6 22. exf6 Bxf6 23. Rac1 Rfd8 24. c4 bxc4 25. Rxc4 Qb5 26. Nf4 Qb3 27. c6
Qxa3 28. Nh5 Qb2 29. Qe4 a3 30. c7 Rdc8 31. Rb1 Qe5 32. Nxf6+ gxf6 33. Qxe5
fxe5 34. Ra1 Ra7 35. g3 f5 36. Kg2 Kf7 37. Rc3 Raxc7 38. Rcxa3 e4 39. Ra8 Rxa8
40. Rxa8 Rc2 41. Kg1 Kf6 42. Rf8+ Ke5 43. Rh8 e3 44. fxe3 Ke4 45. Rxh6 e5 46.
Rf6 Re2 47. h4 Rxe3 48. Kg2 Re2+ 49. Kh3 Re1 50. Kg2 Ra1 51. h5 Ra7 52. Kh3 Rh7
53. Kh4 Rg7 54. h6 Rg4+ 55. Kh3 Rg5 56. Kh4 Rg4+ 57. Kh3 Rg5 58. g4 fxg4+ 59.
Kg3 Rg8 60. h7 Rh8 61. Rf7 Kd5 62. Kxg4 Ke6 63. Ra7 e4 64. Kg5 e3 65. Kg6 Ke5
66. Kg7 Rxh7+ 67. Kxh7 Kf4 68. Kg6 e2 69. Re7 Kf3 70. Kf5 Kf2 71. Kf4 e1=Q 72.
Rxe1 Kxe1 1/2-1/2

[Event "First Saturday 2010 oktober IM-B"]
[Site "Budapest"]
[Date "2010.10.04"]
[Round "3"]
[White "Szamoskozi, Gabor"]
[Black "Petran, Pal"]
[Result "1/2-1/2"]
[WhiteElo "2335"]
[BlackElo "2348"]
[PlyCount "59"]
[EventDate "2010.10.02"]

1. e4 c6 2. d4 d5 3. Nc3 dxe4 4. Nxe4 Bf5 5. Ng3 Bg6 6. h4 h6 7. Nf3 Nd7 8. h5
Bh7 9. Bd3 Bxd3 10. Qxd3 Ngf6 11. Bd2 e6 12. O-O-O Be7 13. Kb1 O-O 14. Ne4 Nxe4
15. Qxe4 Nf6 16. Qe2 Qd5 17. Ne5 Qe4 18. Qxe4 Nxe4 19. Be1 Rac8 20. f3 Nf6 21.
Bf2 Rfd8 22. g4 b5 23. c3 Nd7 24. Nd3 Bd6 25. Rhe1 a5 26. Kc2 a4 27. Rb1 Ra8
28. Re2 Rdb8 29. a3 Re8 30. Rbe1 1/2-1/2

[Event "First Saturday 2010 oktober IM-B"]
[Site "Budapest"]
[Date "2010.10.04"]
[Round "3"]
[White "Koczo, Kristof"]
[Black "Istvanovszky, Martin"]
[Result "1/2-1/2"]
[WhiteElo "2189"]
[BlackElo "2282"]
[PlyCount "59"]
[EventDate "2010.10.02"]

1. d4 Nf6 2. c4 c5 3. d5 b5 4. cxb5 a6 5. bxa6 g6 6. Nc3 Bxa6 7. e4 Bxf1 8.
Kxf1 d6 9. Nf3 Nbd7 10. h3 Bg7 11. Kg1 O-O 12. Kh2 Qa5 13. Re1 Nb6 14. Re2 Nfd7
15. Qd3 Rfb8 16. Bg5 Kf8 17. Rc1 Qa6 18. Qxa6 Rxa6 19. Rcc2 Ne5 20. Nxe5 Bxe5+
21. Kg1 Bxc3 22. bxc3 Nc4 23. Bc1 Rb1 24. Kh2 Ra1 25. f4 f6 26. g4 Rb6 27. Be3
Ra6 28. Bf2 Na3 29. Rb2 Nc4 30. Rbc2 1/2-1/2

[Event "First Saturday 2010 oktober IM-B"]
[Site "Budapest"]
[Date "2010.10.04"]
[Round "3"]
[White "Ocantos, Manuel"]
[Black "Oparin, Grigory"]
[Result "0-1"]
[WhiteElo "2176"]
[BlackElo "2305"]
[PlyCount "84"]
[EventDate "2010.10.02"]

1. e4 c5 2. Nf3 d6 3. d4 cxd4 4. Nxd4 Nf6 5. Nc3 a6 6. Bc4 e6 7. O-O b5 8. Bb3
Be7 9. f4 O-O 10. Re1 Bb7 11. a3 Nc6 12. Nxc6 Bxc6 13. f5 exf5 14. exf5 Re8 15.
Be3 Qd7 16. Nd5 Nxd5 17. Bxd5 Bf6 18. c3 Re5 19. Bxc6 Qxc6 20. Bf4 Qc5+ 21. Kh1
Rxe1+ 22. Qxe1 Rd8 23. Rd1 h5 24. Qe4 Qf2 25. h3 Qxb2 26. Rxd6 Rc8 27. Rxa6
Qxc3 28. Ra8 Rxa8 29. Qxa8+ Kh7 30. Qd5 Bd4 31. Kh2 Qa1 32. h4 Bg1+ 33. Kh3
Qxa3+ 34. g3 Qb2 35. g4 hxg4+ 36. Kxg4 Qe2+ 37. Kh3 Be3 38. Bg3 Qf1+ 39. Kg4
Qc4+ 40. Qxc4 bxc4 41. Be1 Bd4 42. Bd2 Bb2 0-1

[Event "First Saturday 2010 oktober IM-B"]
[Site "Budapest"]
[Date "2010.10.04"]
[Round "3"]
[White "Lengyel, Bela"]
[Black "Turzo, Attila"]
[Result "0-1"]
[WhiteElo "2261"]
[BlackElo "2331"]
[PlyCount "122"]
[EventDate "2010.10.02"]

1. e4 c5 2. Nf3 e6 3. d4 cxd4 4. Nxd4 Qb6 5. Nb3 Nc6 6. Nc3 Nf6 7. Bd3 Be7 8.
O-O a6 9. Be3 Qc7 10. f4 d6 11. Qf3 O-O 12. g4 Nd7 13. g5 Re8 14. Qh3 Bf8 15.
e5 g6 16. exd6 Qxd6 17. Ne4 Qc7 18. Rad1 Bg7 19. c3 f5 20. gxf6 Nxf6 21. Nxf6+
Bxf6 22. Nc5 Ne7 23. Ne4 Bh8 24. Nd6 Rf8 25. Be4 Bg7 26. Nxc8 Qxc8 27. Rd6 Nf5
28. Rb6 Rb8 29. Bf2 Bf6 30. Qf3 Rf7 31. Re1 Bh4 32. Bc2 Bxf2+ 33. Qxf2 Ng7 34.
Bb3 Qc7 35. Rbxe6 Kh8 36. R6e4 Rd7 37. Rd4 Rf8 38. Red1 Re7 39. Re1 Rd7 40.
Red1 Re7 41. Rc4 Qb8 42. Qh4 Nf5 43. Qf2 Ne3 44. Re1 Rfe8 45. Rc5 Qd6 46. Rg5
Ng4 47. Rxe7 Nxf2 48. Rxe8+ Kg7 49. Rge5 Nh3+ 50. Kg2 Nxf4+ 51. Kf3 Nd3 52.
R5e7+ Kh6 53. Bg8 Qf4+ 54. Ke2 Nxb2 55. Rxh7+ Kg5 56. h4+ Kg4 57. Re3 Qh2+ 58.
Ke1 Qg1+ 59. Ke2 Qd1+ 60. Kf2 Qd2+ 61. Re2 Nd3+ 0-1

[Event "First Saturday 2010 oktober IM-B"]
[Site "Budapest"]
[Date "2010.10.05"]
[Round "4"]
[White "Petran, Pal"]
[Black "Turzo, Attila"]
[Result "1-0"]
[WhiteElo "2348"]
[BlackElo "2331"]
[PlyCount "153"]
[EventDate "2010.10.02"]

1. d4 d5 2. c4 c6 3. Nf3 Nf6 4. e3 Bf5 5. Nc3 e6 6. Nh4 Bg6 7. Qb3 Qc8 8. Be2
Nbd7 9. Bd2 Bd6 10. Nxg6 hxg6 11. g3 O-O 12. Rc1 a6 13. O-O Rb8 14. f4 Qd8 15.
Bf3 dxc4 16. Qxc4 c5 17. a4 Qb6 18. d5 exd5 19. Nxd5 Nxd5 20. Bxd5 Qd8 21. Qc2
b5 22. axb5 axb5 23. b3 g5 24. Bc3 gxf4 25. exf4 Be7 26. Rcd1 Qc7 27. Qf5 Bf6
28. Be4 g6 29. Rxd7 gxf5 30. Rxc7 Bxc3 31. Bxf5 Ra8 32. Kg2 Bd4 33. Bd3 Ra3 34.
Rf3 f5 35. Bxb5 Ra2+ 36. Kh3 Rf6 37. Rc6 Rf8 38. g4 fxg4+ 39. Kxg4 Rxh2 40.
Bc4+ Kg7 41. Rg3 Bf2 42. Rf3 Bd4 43. Rf1 Rg2+ 44. Kf3 Rh2 45. Re6 Rh3+ 46. Ke4
Re3+ 47. Kd5 Rxe6 48. Kxe6 Rf6+ 49. Kd5 Kf8 50. b4 Be3 51. b5 Rxf4 52. Re1 Bf2
53. Re2 Rf6 54. b6 Rxb6 55. Rxf2+ Kg7 56. Kxc5 Rf6 57. Re2 Rf4 58. Bd5 Kf6 59.
Kd6 Ra4 60. Rf2+ Kg5 61. Ke5 Rb4 62. Rf8 Rb6 63. Rf5+ Kg4 64. Rf2 Rb5 65. Rg2+
Kh3 66. Rg5 Kh4 67. Rg8 Ra5 68. Ke4 Ra4+ 69. Kf3 Ra3+ 70. Kf4 Kh5 71. Be4 Kh6
72. Rg6+ Kh5 73. Rb6 Ra4 74. Rf6 Rb4 75. Ra6 Rd4 76. Ra5+ Kh4 77. Ra1 1-0

[Event "First Saturday 2010 oktober IM-B"]
[Site "Budapest"]
[Date "2010.10.05"]
[Round "4"]
[White "Oparin, Grigory"]
[Black "Lengyel, Bela"]
[Result "1/2-1/2"]
[WhiteElo "2305"]
[BlackElo "2261"]
[PlyCount "117"]
[EventDate "2010.10.02"]

1. e4 e5 2. Nf3 Nc6 3. Bc4 Nf6 4. d3 Be7 5. O-O O-O 6. Re1 d6 7. a4 Be6 8. Nc3
Bxc4 9. dxc4 Nd7 10. Nd5 Re8 11. a5 a6 12. b4 Bf8 13. Bg5 f6 14. Be3 Ne7 15.
Qd3 c6 16. Nc3 Qc7 17. h4 Ng6 18. g3 Nh8 19. h5 Be7 20. Nh4 Nf7 21. Rab1 Nf8
22. Red1 Qc8 23. Qe2 Qh3 24. Rd3 g6 25. hxg6 hxg6 26. Rbd1 Kg7 27. c5 dxc5 28.
bxc5 Bd8 29. Na4 Bxa5 30. Nb2 Rad8 31. Nc4 Bc7 32. Rb1 Rb8 33. Rdb3 Nd8 34. Qd2
Qe6 35. Bh6+ Kf7 36. Bxf8 Rxf8 37. Ne3 Rg8 38. Kg2 Ke8 39. Qe2 a5 40. Nc4 Rg7
41. Ra1 Ra8 42. Rba3 Nf7 43. Nxa5 Bxa5 44. Rxa5 Rc8 45. Rh1 Ng5 46. Nf3 Nxf3
47. Qxf3 Kf7 48. Rd1 Rh7 49. Qb3 Qxb3 50. cxb3 Ke8 51. Rd6 Rf7 52. Ra1 Rd8 53.
Rxd8+ Kxd8 54. Ra8+ Ke7 55. Rg8 g5 56. Kf3 Rh7 57. Kg4 Kf7 58. Rd8 Kg6 59. Rg8+
1/2-1/2

[Event "First Saturday 2010 oktober IM-B"]
[Site "Budapest"]
[Date "2010.10.05"]
[Round "4"]
[White "Getz, Nicolai"]
[Black "Ocantos, Manuel"]
[Result "1-0"]
[WhiteElo "2276"]
[BlackElo "2176"]
[PlyCount "47"]
[EventDate "2010.10.02"]

1. e4 c5 2. Nf3 d6 3. d4 Nf6 4. Nc3 cxd4 5. Nxd4 g6 6. Be3 Bg7 7. f3 Nc6 8. Qd2
O-O 9. O-O-O d5 10. exd5 Nxd5 11. Nxc6 bxc6 12. Bd4 Bxd4 13. Qxd4 Qb6 14. Na4
Qa5 15. b3 Qc7 16. Rd2 Rb8 17. Bc4 e5 18. Qc5 Nb6 19. Nxb6 axb6 20. Qd6 Qa7 21.
b4 Qa3+ 22. Kb1 Ba6 23. Rd3 Qa4 24. Bb3 1-0

[Event "First Saturday 2010 oktober IM-B"]
[Site "Budapest"]
[Date "2010.10.05"]
[Round "4"]
[White "Istvanovszky, Martin"]
[Black "Tran, Tuan Minh"]
[Result "1-0"]
[WhiteElo "2282"]
[BlackElo "2227"]
[PlyCount "33"]
[EventDate "2010.10.02"]

1. d4 e6 2. e4 d5 3. Nc3 Bb4 4. Bd2 Nf6 5. e5 Nfd7 6. Qg4 Bf8 7. Bg5 Be7 8.
Bxe7 Qxe7 9. Qxg7 Rf8 10. Nf3 Nc6 11. O-O-O h6 12. Qxh6 a6 13. h4 b5 14. Nxd5
exd5 15. Qxc6 Rb8 16. Qxc7 Bb7 17. Bd3 1-0

[Event "First Saturday 2010 oktober IM-B"]
[Site "Budapest"]
[Date "2010.10.05"]
[Round "4"]
[White "Szamoskozi, Gabor"]
[Black "Koczo, Kristof"]
[Result "1-0"]
[WhiteElo "2335"]
[BlackElo "2189"]
[PlyCount "89"]
[EventDate "2010.10.02"]

1. e4 c6 2. d4 d5 3. e5 e6 4. f4 b6 5. Nf3 Ba6 6. Bxa6 Nxa6 7. O-O Ne7 8. c3
Nc7 9. Na3 Nf5 10. Nc2 h5 11. Ne3 g6 12. b3 c5 13. Qe2 Qd7 14. a4 Rc8 15. Nxf5
gxf5 16. Be3 Be7 17. Rfd1 Qc6 18. dxc5 bxc5 19. b4 a6 20. bxc5 Bxc5 21. Nd4
Bxd4 22. cxd4 Kd7 23. Rdc1 Qa8 24. Rc5 Ne8 25. Rxc8 Qxc8 26. Rc1 Qb7 27. Qc2
Ng7 28. Bd2 Rc8 29. Qxc8+ Qxc8 30. Rxc8 Kxc8 31. Bb4 Ne8 32. Kf2 f6 33. Kg3
fxe5 34. fxe5 Ng7 35. Kf4 h4 36. Bf8 Ne8 37. Kg5 Kd7 38. Kxh4 Nc7 39. Bd6 Ne8
40. Bb4 f4 41. Bf8 Nc7 42. Kg5 Na8 43. Bc5 Nc7 44. h4 Ke8 45. Kg6 1-0

[Event "First Saturday 2010 oktober IM-B"]
[Site "Budapest"]
[Date "2010.10.06"]
[Round "5"]
[White "Koczo, Kristof"]
[Black "Petran, Pal"]
[Result "0-1"]
[WhiteElo "2189"]
[BlackElo "2348"]
[PlyCount "100"]
[EventDate "2010.10.02"]

1. d4 Nf6 2. c4 d6 3. Nc3 Nbd7 4. e4 e5 5. Nf3 g6 6. d5 Bg7 7. h3 Nc5 8. Qc2 a5
9. Bg5 h6 10. Be3 b6 11. Nd2 Nh5 12. g3 f5 13. Be2 Nf6 14. f4 exf4 15. gxf4 Qe7
16. O-O-O Nfxe4 17. Ndxe4 Nxe4 18. Nxe4 fxe4 19. Rhg1 Bf5 20. Rg3 h5 21. Rdg1
Kf7 22. Bd1 Bf6 23. Qg2 Rag8 24. Ba4 Rh6 25. Rg5 Rhh8 26. h4 Rg7 27. Qd2 Kg8
28. R1g3 Rhh7 29. Bd4 Kf7 30. Re3 Bxd4 31. Qxd4 Qf6 32. Qxf6+ Kxf6 33. Kd2 Re7
34. Kc3 Rh8 35. Kd4 Rb8 36. Bc6 Rf8 37. a3 Kg7 38. Rg2 Ref7 39. Rf2 Re7 40. Rc3
Bg4 41. Ke3 Bf3 42. Rcc2 Ref7 43. Rh2 Rxf4 44. Rcf2 Rg4 45. Bd7 Rg1 46. Kd2 Kf6
47. Bh3 Ke5 48. Ke3 Rg3 49. Kd2 e3+ 50. Kxe3 Bg4+ 0-1

[Event "First Saturday 2010 oktober IM-B"]
[Site "Budapest"]
[Date "2010.10.06"]
[Round "5"]
[White "Ocantos, Manuel"]
[Black "Istvanovszky, Martin"]
[Result "1-0"]
[WhiteElo "2176"]
[BlackElo "2282"]
[PlyCount "68"]
[EventDate "2010.10.02"]

1. b3 Nf6 2. Bb2 g6 3. g3 Bg7 4. Bg2 O-O 5. Nh3 c5 6. O-O Nc6 7. f4 d5 8. Nf2
Bf5 9. e3 Qd7 10. d3 Rad8 11. h3 h5 12. Nd2 Rfe8 13. Nf3 Qc8 14. a3 b6 15. Qd2
Ne4 16. dxe4 dxe4 17. Bxg7 Rxd2 18. Nxd2 Kxg7 19. Ndxe4 a5 20. Rae1 Rd8 21. Re2
a4 22. bxa4 Qa6 23. Nc3 Qc4 24. Nfd1 Na5 25. e4 Bc8 26. Ref2 Qd4 27. f5 g5 28.
Nd5 Ba6 29. Re1 e6 30. fxe6 fxe6 31. Nc7 Bc4 32. Ne3 Rf8 33. Bf3 Qe5 34. Nb5
Qxg3+ 1-0

[Event "First Saturday 2010 oktober IM-B"]
[Site "Budapest"]
[Date "2010.10.06"]
[Round "5"]
[White "Lengyel, Bela"]
[Black "Getz, Nicolai"]
[Result "1/2-1/2"]
[WhiteElo "2261"]
[BlackElo "2276"]
[PlyCount "91"]
[EventDate "2010.10.02"]

1. e4 c5 2. Nf3 d6 3. d4 cxd4 4. Nxd4 Nf6 5. Nc3 Nc6 6. Bg5 e6 7. Bb5 Bd7 8.
O-O Be7 9. Nb3 a6 10. Be2 Qc7 11. f4 O-O 12. Bf3 a5 13. a4 Nb4 14. Kh1 h6 15.
Bh4 Rfe8 16. Bg3 e5 17. Qd2 Bc6 18. Rad1 Bf8 19. Qf2 exf4 20. Bxf4 Bxe4 21. Nd4
Qc5 22. Ncb5 Bxf3 23. Qxf3 Nxc2 24. Nxc2 Qxc2 25. Rc1 Qxa4 26. Nc7 Qb4 27. Nxa8
Rxa8 28. Bxh6 Qxb2 29. Bg5 a4 30. Bxf6 gxf6 31. Rc7 Rb8 32. Qd5 Qb3 33. Qd2 a3
34. Rc3 Qb2 35. Qxb2 axb2 36. Rb3 f5 37. Rxb2 Bg7 38. Rb5 Bd4 39. Rbxf5 f6 40.
Rd5 Be5 41. Rb1 b6 42. Rdb5 Bd4 43. g3 Kf7 44. R5b4 Bc5 45. Rf4 Re8 46. Rbf1
1/2-1/2

[Event "First Saturday 2010 oktober IM-B"]
[Site "Budapest"]
[Date "2010.10.07"]
[Round "6"]
[White "Petran, Pal"]
[Black "Oparin, Grigory"]
[Result "1/2-1/2"]
[WhiteElo "2348"]
[BlackElo "2305"]
[PlyCount "71"]
[EventDate "2010.10.02"]

1. d4 d5 2. c4 e6 3. Nc3 Be7 4. cxd5 exd5 5. Bf4 Nf6 6. e3 Bf5 7. h3 c6 8. Bd3
Bxd3 9. Qxd3 Nbd7 10. Nf3 O-O 11. O-O Re8 12. a3 a5 13. Rad1 Bf8 14. Ne5 Nxe5
15. Bxe5 Nd7 16. Bg3 Nb6 17. Qc2 Nc4 18. a4 Qg5 19. Bf4 Qh5 20. b3 Nd6 21. Ne2
f6 22. Rfe1 Qg6 23. Rc1 Ra6 24. Qxg6 hxg6 25. Rc2 g5 26. Bxd6 Bxd6 27. Nc1 Rb6
28. Rb2 Kf7 29. Nd3 Ke6 30. g3 Bb4 31. Rd1 Rc8 32. Rc2 Bd6 33. Rc3 Bb4 34. Rc2
Bd6 35. Rc3 Bb4 36. Rc2 1/2-1/2

[Event "First Saturday 2010 oktober IM-B"]
[Site "Budapest"]
[Date "2010.10.07"]
[Round "6"]
[White "Getz, Nicolai"]
[Black "Turzo, Attila"]
[Result "0-1"]
[WhiteElo "2276"]
[BlackElo "2331"]
[PlyCount "72"]
[EventDate "2010.10.02"]

1. e4 c5 2. Nf3 e6 3. d4 cxd4 4. Nxd4 Qb6 5. Be3 Qxb2 6. Nd2 Qb6 7. Bd3 Qd8 8.
O-O d6 9. Nc4 Nf6 10. Qf3 Be7 11. Rfd1 e5 12. Nf5 Bxf5 13. exf5 Qc7 14. g4 h6
15. Rab1 Nc6 16. Be4 O-O 17. Nxd6 Bxd6 18. Rxb7 Qxb7 19. Bxc6 Qe7 20. Bxa8 e4
21. Qg2 Rxa8 22. h4 Rd8 23. Rd4 Rb8 24. Rd1 Nd5 25. g5 Nxe3 26. fxe3 hxg5 27.
hxg5 Bc5 28. f6 Bxe3+ 29. Kf1 Qe5 30. fxg7 Qxg5 31. Qh2 Qf4+ 32. Qxf4 Bxf4 33.
Rd4 Re8 34. Rd7 Be3 35. Ke2 Bb6 36. a4 Re5 0-1

[Event "First Saturday 2010 oktober IM-B"]
[Site "Budapest"]
[Date "2010.10.07"]
[Round "6"]
[White "Istvanovszky, Martin"]
[Black "Lengyel, Bela"]
[Result "1/2-1/2"]
[WhiteElo "2282"]
[BlackElo "2261"]
[PlyCount "31"]
[EventDate "2010.10.02"]

1. d4 d5 2. c4 e6 3. Nc3 Nf6 4. cxd5 exd5 5. Bg5 Nbd7 6. e3 Be7 7. Bd3 c6 8.
Qc2 O-O 9. Nge2 Re8 10. O-O Nf8 11. f3 g6 12. Rad1 Ne6 13. Bh4 b6 14. Kh1 Bb7
15. Bf2 Rc8 16. e4 1/2-1/2

[Event "First Saturday 2010 oktober IM-B"]
[Site "Budapest"]
[Date "2010.10.07"]
[Round "6"]
[White "Szamoskozi, Gabor"]
[Black "Ocantos, Manuel"]
[Result "1-0"]
[WhiteElo "2335"]
[BlackElo "2176"]
[PlyCount "53"]
[EventDate "2010.10.02"]

1. e4 c5 2. Nf3 d6 3. d4 Nf6 4. Nc3 cxd4 5. Nxd4 g6 6. Be3 Bg7 7. f3 O-O 8. Qd2
Nc6 9. Bc4 Bd7 10. h4 h5 11. Bb3 Rc8 12. Nxc6 bxc6 13. Bh6 c5 14. Bc4 Kh7 15.
Bxg7 Kxg7 16. O-O-O Bc6 17. g4 hxg4 18. h5 Rh8 19. h6+ Kf8 20. e5 Nd7 21. h7 e6
22. Qh6+ Ke8 23. Rxd6 Qe7 24. Ba6 Rc7 25. Nb5 Bxb5 26. Bxb5 f6 27. Qxg6+ 1-0

[Event "First Saturday 2010 oktober IM-B"]
[Site "Budapest"]
[Date "2010.10.07"]
[Round "6"]
[White "Koczo, Kristof"]
[Black "Tran, Tuan Minh"]
[Result "0-1"]
[WhiteElo "2189"]
[BlackElo "2227"]
[PlyCount "104"]
[EventDate "2010.10.02"]

1. d4 e6 2. Bf4 f5 3. e3 Nf6 4. Bd3 b6 5. Nf3 Bb7 6. Nbd2 c5 7. Nc4 d6 8. a4
Nc6 9. c3 Be7 10. Ng5 Qd7 11. Be2 Nd5 12. h4 cxd4 13. cxd4 Nxf4 14. exf4 d5 15.
Ne5 Nxe5 16. fxe5 Bb4+ 17. Kf1 O-O 18. Bb5 Qe7 19. Qh5 g6 20. Qh6 a6 21. Bd3
Rfe8 22. Ke2 Qd7 23. Nf3 Qg7 24. Qf4 Be7 25. g4 Bc8 26. g5 Kf7 27. h5 Bd7 28.
hxg6+ hxg6 29. Rh6 Rh8 30. b3 b5 31. a5 Rag8 32. Rah1 Rxh6 33. gxh6 g5 34. Qc1
Qh7 35. Qc7 g4 36. Nd2 Bc8 37. Nf1 Kg6 38. Qc6 Kf7 39. Ne3 Qg6 40. h7 Rh8 41.
Ng2 g3 42. f3 Rxh7 43. Nf4 Rxh1 44. Nxg6 g2 45. Nh8+ Kg7 46. Qe8 g1=Q 47. Qxe7+
Kxh8 48. Qf8+ Kh7 49. Qf7+ Qg7 50. Bxf5+ exf5 51. e6 Bxe6 52. Qxe6 Qg2+ 0-1